| 000 | 00873nam a2200253Ia 4500 | ||
|---|---|---|---|
| 003 | OSt | ||
| 005 | 20220925191413.0 | ||
| 006 | a|||||r|||| 00| 0 | ||
| 007 | ta | ||
| 008 | 220923b |||||||| |||| 00| 0 eng d | ||
| 037 | _cGeneral Book | ||
| 040 |
_aRTL _cRTL _beng |
||
| 041 |
_2eng _aeng |
||
| 082 | _aXM8p1(X),N74, L5 | ||
| 110 |
_aSEMINAR ON THE ROLE OF MULTUNATIONAL CORPORATIONS IN DEVELOPING COUNTRIES (Delhi) (1974) _9241903 |
||
| 245 | 0 | _aProceedings. Ed by Surinder P S Pruthi | |
| 260 |
_aBombay _bL S P T D _c1975 |
||
| 300 |
_a96p _ccm. |
||
| 490 | _aLeslie Sawhny Programme of Training for Democracy, Publication | ||
| 650 | _aMultinational | ||
| 700 |
_aSEMINAR ON THE ROLE OF MULTUNATIONAL CORPORATIONS IN DEVELOPING COUNTRIES (Delhi) (1974) _9241904 |
||
| 942 |
_hXM8p1(X),N74, L5 _cGB _2CC |
||
| 999 |
_c518281 _d518281 |
||